000 00342nam a2200145Ia 4500
100 _aLaue/I.K/ Stenger/I.H
942 _cRB
654 _aextrusion
245 _aExtrusion dies : design engineering computation
260 _bHanser publishers
_aMunich
_c1984
082 _a668.413
_bMIC
300 _a447
546 _aENGLISH
999 _c25232
_d25232